000 00419nam a22001817a 4500
005 20180719160249.0
008 160620b xxu||||| |||| 00| 0 eng d
020 _a978-81-261-4189-0
041 _aeng
082 _b8593
_a658.15244
100 _aBhalla. V.K
_94572
245 _aWorking Capital Management
250 _a11TH ED.
260 _bAnmol
300 _a962;P,
650 _aManagement
_9241
942 _cBK
999 _c3315
_d3314